000 00303nam a2200109Ia 4500
008 230822s1985 xx 000 0 und d
041 _aeng
100 _aKULKARNI.S.B,AGNIHOTRI.A.D.,GAJENDRAGADKAR.S.K.
245 _aELEMENTS OF CIVIL ENGINEERING
260 _bVIJAYA MADHAV AADKAR
_c1985
300 _a109
999 _c861816
_d861816